000 00313nab a22001097u 4500
008 130520b1991 xxu||||| |||| 00| 0 spa d
041 _aspa
100 1 _aMaloof, P.
_967514
245 0 0 _aEnfermedad y salud en la sociedad
_cP. Maloof
773 0 _tConcilium
_gV.1,1991,págs.213-234
_x0210-1041
_wRev134
942 _cAR
999 _c355616
_d355616